ბათუმის შოთა რუსთაველის სახელმწიფო უნივერსიტეტის ბიბლიოთეკა

მოგზაურობა ისტორიულ სამხრეთ საართველოში (ბიბ.ჩანაწერი № 34579)

000 -ლიდერი
ფიქსირებული სიგრძის საკონტროლო ველი 01179nam a2200217Ia 4500
001 - საკონტროლო ნომერი
საკონტროლო ველი 340
003 - საკონტროლო ნომრის იდენტიფიკატორი
საკონტროლო ველი GE_BSU
005 - ბოლო ოპერაციის თარიღი და დრო
საკონტროლო ველი 20231225104106.0
008 - ფიქსირებული სიგრძის მონაცემთა ელემენტები - ზოგადი ინფორმაცია
ფიქსირებული სიგრძის საკონტროლო ველი 181216s1996ge xx |||||||||||||| ||geo||
040 ## - კატალოგიზაციის წყარო
Transcribing agency GE_BSU
041 ## - ენის კოდი
Language code of text/sound track or separate title geo
080 ## - უნივერსალური ათობითი კლასიფიკაციის ინდექსი
Universal Decimal Classification number 726.5(=353.1)(560)+910.4(479.22-25) გ–92
100 ## - მთავარი ჩანაწერი - პიროვნების სახელი
Personal name გუგუნავა,ალექსანდრე
9 (RLIN) 19271
245 ## - ცნობა სათაურის შესახებ
Title მოგზაურობა ისტორიულ სამხრეთ საართველოში
Remainder of title ნაწ.1 /
Statement of responsibility, etc ალექსანდრე გუგუნავა, [რედ. ქეთევან პავლიაშვილი]
264 ## - წარმოების, გამოცემის, დისტრიბუციის და სხვა ცნობები
გამოცემის, წარმოების, დისტრიბუციის... ადგილი თბილისი :
გამოცემის, წარმოების, დისტრიბუციის... სახელწოდება სააქციო საზოგადოება "ფარნავაზი",
გამოცემის, წარმოების, დისტრიბუციის... თარიღი 1996.
300 ## - ფიზიკური აღწერა
Extent 70 გვ.
Other physical details 19 სმ.
653 ## - INDEX TERM--UNCONTROLLED
Uncontrolled term მოგზაურობა ისტორიულ სამხრეთ საართველოში
653 ## - INDEX TERM--UNCONTROLLED
Uncontrolled term ქართული ეკლესია-მონასტრები თურქეთში
700 ## - ADDED ENTRY--PERSONAL NAME
Personal name პავლიაშვილი, ქეთევან
Relator term რედაქტორი
9 (RLIN) 19272
942 ## - ADDED ENTRY ELEMENTS (KOHA)
Koha item type წიგნი
Source of classification or shelving scheme
ეგზემპლარები
ჩამოწერის სტატუსი დაკარგული ეგზემპლარის სტატუსი კლასიფიკაციის წყარო ან თაროზე გაწყობის სქემა დაზიანების სტატუსი არ გაიცემა მუდმივი მდებარეობა (დაცვის ადგილი) ამჟამინდელი ადგილსამყოფელი თაროზე განთავსების ადგილი შეძენის თარიღი ღირებულება, შესყიდვის ნორმალური ფასი სრული შენახვის შიფრი შტრიხკოდი ბოლო ოპერაციის თარიღი ეგზემპლარის მიმდევრობითი ნომერი (კეტერი?) ფასის ძალაში შესვლის თარიღი ეგზემპლარის სახეობა საჯარო შენიშვნა
          ბათუმის შოთა რუსთაველის სახელმწიფო უნივერსიტეტის მთავარი ბიბლიოთეკა ბათუმის შოთა რუსთაველის სახელმწიფო უნივერსიტეტის მთავარი ბიბლიოთეკა წიგნსაცავი 2018-12-17 3.00 726.5(=353.1)(560) გ–92 1243 2018-12-17 1243 2018-12-17 წიგნი 3.00